Central Library OPAC University of Rajshahi

Reveille in Washington, 1860-1865 / (Record no. 27507)

MARC details
000 -LEADER
fixed length control field 00824cam a2200253 i 4500
001 - CONTROL NUMBER
control field 27507
003 - CONTROL NUMBER IDENTIFIER
rucl marc code BD-RjUL
005 - DATE AND TIME OF LATEST TRANSACTION
control field 20211209051149.0
008 - FIXED-LENGTH DATA ELEMENTS--GENERAL INFORMATION
fixed length control field 140325s1941 nyuabf b 001 0 eng d
035 ## - SYSTEM CONTROL NUMBER
System control number (BD-RjUL)27581
040 ## - CATALOGING SOURCE
Original cataloging agency DLC
Transcribing agency DLC
Modifying agency DLC
-- BD-RjUL
Language of cataloging eng
041 ## - LANGUAGE CODE
Language code of text/sound track or separate title eng
082 00 - DEWEY DECIMAL CLASSIFICATION NUMBER
Classification number 975.302
Author mark and year LER 1941
100 1# - MAIN ENTRY--PERSONAL NAME
Personal name Leech, Margaret,
Dates associated with a name 1893-1974.
9 (RLIN) 84497
245 10 - TITLE STATEMENT
Title Reveille in Washington, 1860-1865 /
Statement of responsibility, etc. by Margaret Leech.
260 ## - PUBLICATION, DISTRIBUTION, ETC. (IMPRINT)
Place of publication, distribution, etc. Garden City, N.Y. :
Name of publisher, distributor, etc. Garden City Pub. Co.,
Date of publication, distribution, etc. c1941-1962
300 ## - PHYSICAL DESCRIPTION
Pagination x, 483 p., [12] leaves of plates :
Illustrations ill. ;
Size 22 cm.
500 ## - GENERAL NOTE
General note "Some biographical notes": p. 430-458.
General note Includes index.
504 ## - BIBLIOGRAPHY, ETC. NOTE
Bibliography, etc Bibliography: p. 459-466.
651 #0 - SUBJECT ADDED ENTRY--GEOGRAPHIC NAME
Geographic name Washington (D.C.)
General subdivision History
Chronological subdivision Civil War, 1861-1865.
9 (RLIN) 84498
942 ## - ADDED ENTRY ELEMENTS (KOHA)
Source of classification or shelving scheme Dewey Decimal Classification
Koha item type Books
Holdings
Lost status Source of classification or shelving scheme Damaged status Not for loan Collection code Permanent Location Current Location Shelving location Date acquired Source of acquisition Cost, normal purchase price Total Checkouts Full call number Date last seen Copy number Koha item type Date checked out
  Dewey Decimal Classification   Added to bundle Non-fiction Central Library, University of Rajshahi Central Library, University of Rajshahi Reading Room 16/07/1964 Zeitlinger 56.00   975.302 LER 1941 25/03/2014 C-1 Books  
  Dewey Decimal Classification     Non-fiction Central Library, University of Rajshahi Central Library, University of Rajshahi   15/04/1965 N/A   1 975.302 LER 1962 13/12/2017 C-2 Books 10/12/2017